| 000 | 01312nam a22002297a 4500 | ||
|---|---|---|---|
| 005 | 20251014114842.0 | ||
| 008 | 250901s2005 ag a|||br|||| 000 0 spa d | ||
| 020 | _a9879418557 | ||
| 040 | _aMX-MxUPN | ||
| 041 | 0 | _aspa | |
| 050 | 1 | 4 | _aPN6071.C5 B53 2005a |
| 100 | 1 |
_aCinetto de González, Liliana Cristina, _d1967- _932491 |
|
| 245 | 1 |
_aBiblioteca de los pequeños lectores : _bcuentos con humor |
|
| 260 |
_aBuenos Aires : _bCírculo Latino Austral, _c2005 |
||
| 300 |
_a88 páginas : _bilustraciones a color |
||
| 490 | 0 | _aBiblioteca de los pequeños lectores | |
| 500 | _aDonación Cerezo Rojas Karen Fabiola | ||
| 505 |
_a _tEl rey Cuniberto/ _rLiliana Cinetto.-- _tEl duende Colorín/ _rLiliana Cinetto.-- _tEl huracán/ _rversión libre del cuento porpular argentino _r.-- _tEl canguro colaverde/ _rLiliana Cinetto.-- _tEl avestruz cuellorrojo/ _rLiliana Cinetto.-- _tLas señoritas del traje negro/ _rverrión libre del cuento popular español.-- _tEl conejo y el coyote/ _rversión libre del cuento popular de Nicaragua.-- _tEl chivo y la hormiga/ _rversión libre del cuento popular iberoamericano.-- _tLos monos y la luna/ _rversión libre del cuento popular chino. |
||
| 650 | 4 |
_aCuentos infantiles _vColecciones _958165 |
|
| 902 |
_aMarisolLicea/01092025 _bBerenice Martínez/141025 |
||
| 942 |
_2lcc _cLIBRO |
||
| 999 |
_c213936 _d213936 |
||